10 Most Valuable Players Per Every Premier League Club - Statistics

General Stats
  • This quiz has been taken 27 times
  • The average score is 87 of 200
Answer Stats
Club Name % Correct
Micky van de Ven
100%
Mohamed Salah
100%
Arsenal Bukayo Saka
96%
Alexis Mac Allister
92%
Declan Rice
92%
Manchester City Erling Haaland
92%
Martin Odegaard
92%
Newcastle Alexander Isak
88%
Bruno Fernandes
88%
Bruno Guimaraes
88%
Chelsea Cole Palmer
88%
Dominik Szoboszlai
88%
Liverpool Florian Wirtz
88%
Ollie Watkins
88%
Rodri
88%
Ruben Dias
88%
William Saliba
88%
Enzo Fernandez
83%
Gabriel Magalhaes
83%
Ibrahima Konate
83%
Phil Foden
83%
Ryan Gravenberch
83%
Bryan Mbeumo
79%
Curtis Jones
79%
Kai Havertz
79%
Brighton Kaoru Mitoma
79%
Moises Caicedo
79%
Omar Marmoush
79%
Victor Gyokeres
79%
Anthony Gordon
75%
Manchester United Benjamin Sesko
75%
Cody Gakpo
75%
Gabriel Martinelli
75%
Hugo Ekitike
75%
Josko Gvardiol
75%
Martin Zubimendi
75%
West Ham Jarrod Bowen
71%
Jeremie Frimpong
71%
Matheus Cunha
71%
Morgan Gibbs-White
71%
Sandro Tonali
71%
Amadou Onana
67%
Brennan Johnson
67%
Tottenham Hotspur Cristian Romero
67%
Ezri Konsa
67%
Jeremy Doku
67%
Jurrien Timber
67%
Matty Cash
67%
Aston Villa Morgan Rogers
67%
Youri Tielemans
67%
Daniel James
63%
Joao Pedro
63%
Lisandro Martinez
63%
Nicolas Jackson
63%
Pedro Neto
63%
Rayan Cherki
63%
Tijani Reijnders
63%
Anthony Elanga
58%
Harvey Barnes
58%
Leny Yoro
58%
Levi Colwill
58%
Manuel Ugarte
58%
Mohammed Kudus
58%
Savinho
58%
Alejandro Garnacho
54%
Dejan Kulusevski
54%
Estevao
54%
Fabio Silva
54%
Jack Grealish
54%
Jean-Philippe Mateta
54%
Joelinton
54%
Nottingham Forest Murillo
54%
Ola Aina
54%
Brentford Yoane Wissa
54%
James Maddison
50%
Wolverhampton Joao Gomes
50%
Jorgen Strand Larsen
50%
Lucas Paqueta
50%
Crystal Palace Marc Guehi
50%
Pedro Porro
50%
Rodrigo Gomes
50%
Sven Botman
50%
Amad Diallo
46%
Boubakar Kamara
46%
Dominic Solanke
46%
Harry Wilson
46%
Jamie Gittens
46%
Joachim Andersen
46%
Justin Kluivert
46%
Kiernan Dewsbury-Hall
46%
Rodrigo Muniz
46%
Bournemouth Antoine Semenyo
42%
Callum Hudson-Odoi
42%
Destiny Udogie
42%
Ismaila Sarr
42%
Jordan Pickford
42%
Kobbie Mainoo
42%
Liam Delap
42%
Nikola Milenkovic
42%
Tino Livramento
42%
Adam Wharton
38%
Fulham Antonee Robinson
38%
Carlos Baleba
38%
Donyell Malen
38%
Elliot Anderson
38%
Iliman Ndiaye
38%
Pau Torres
38%
Tomas Soucek
38%
Tyler Adams
38%
Vitaliy Mykolenko
38%
Aaron Ramsey
33%
Crysencio Summerville
33%
Daniel Munoz
33%
Dean Henderson
33%
Emile Smith Rowe
33%
Granit Xhaka
33%
Ian Maatsen
33%
Jacob Ramsey
33%
Sepp van den Berg
33%
Leeds Wilfried Gnonto
33%
Yankuba Minteh
33%
Alex Iwobi
29%
Andre
29%
Beto
29%
Brajan Gruda
29%
Edson Alvarez
29%
Hamed Traore
29%
Everton Jarrad Branthwaite
29%
Marcos Senesi
29%
Mikkel Damsgaard
29%
Sunderland Simon Adingra
29%
Tyrick Mitchell
29%
Aaron Wan-Bissaka
25%
Alex Scott
25%
Bart Verbruggen
25%
Caoimhin Kelleher
25%
Dominic Calvert-Lewin
25%
Evanilson
25%
Jean-Clair Todibo
25%
Maximilian Kilman
25%
Nathan Collins
25%
Pascal Struijk
25%
Sander Berge
25%
Calvin Bassey
21%
Dan Ndoye
21%
Djordje Petrovic
21%
Ferdi Kadioglu
21%
Georginio Rutter
21%
Habib Diarra
21%
Ibrahim Sangare
21%
Jan Paul van Hecke
21%
Jean-Ricner Bellegarde
21%
Joel Piroe
21%
Kevin Schade
21%
Lucas Bergvall
21%
Nayef Aguerd
21%
Andreas Pereira
17%
Bafode Diakite
17%
Brenden Aaronson
17%
Cheick Doucoure
17%
Christopher Ajer
17%
Dango Ouattara
17%
Eddie Nketiah
17%
Ethan Ampadu
17%
Illan Meslier
17%
Marcus Tavernier
17%
Mats Wieffer
17%
Maxence Lacroix
17%
Ryan Sessegnon
17%
Sean Longstaff
17%
El Hadji Malick Diouf
13%
Eliezer Mayenda
13%
Emmanuel Agbadou
13%
Hannibal
13%
Jaka Bijol
13%
James Garner
13%
Jhon Arias
13%
Keane Lewis-Potter
13%
Lesley Ugochukwu
13%
Marshall Munetsi
13%
Burnley Maxime Esteve
13%
Omari Hutchinson
13%
Vitaly Janelt
13%
Wilson Isidor
13%
Armando Broja
8%
Arnaud Kalimuendo
8%
Dwight McNeil
8%
Enzo Le Fee
8%
Jack Hinshelwood
8%
Thierno Barry
8%
Toti
8%
Zeki Amdouni
8%
Anthony Patterson
4%
Chris Rigg
4%
Luca Koleosho
4%
Noah Sadiki
4%
Quilindschy Hartman
4%
Loum Tchaouna
0%
Marcus Edwards
0%
Trai Hume
0%
No matching quizzes found
Score Distribution
Percent of People with Each Score
Percentile by Number Answered
Your Score History
You have not taken this quiz